| 000 | 00882nam a22002777a 4500 | ||
|---|---|---|---|
| 001 | 000683 | ||
| 003 | DO-SdBNP | ||
| 005 | 20180209101927.0 | ||
| 007 | 000683 | ||
| 008 | 161110b 2000 mx a ||||| |||| 00| 0 spa d | ||
| 020 | _a9681906608 | ||
| 040 |
_aBPMSU _bspa _cBPMSU |
||
| 100 | 1 |
_aUngerer, Tomi, _d1931- |
|
| 240 | 1 |
_aThe hat. _lEspañol |
|
| 245 | 1 | 0 |
_aEl sombrero / _cTomi Ungerer ; traducción, Augustín Gervás. |
| 260 |
_aMaéxico : _bAlfaguara, _c2000. |
||
| 300 |
_a32 páginas sin numerar : _bil. ; _c19 cm. |
||
| 490 | 1 | _aInfantil Alfaguara | |
| 500 | _aPara niños a partir de los 6 años. | ||
| 500 | _aLa biblioteca posee también la primera reimpresión: marzo de 2003 | ||
| 700 | 1 | 2 |
_aGervás, Augustín, _etr. |
| 830 | 0 | _aInfantil Alfaguara | |
| 942 |
_2ddc _cBK |
||
| 945 | _aInventariado, 2018 /LP | ||
| 956 |
_aLOPEREZ _b10 _c20161110 _hBPMSU |
||
| 999 |
_c11900 _d11900 |
||